| 000 | 00465nam a2200169 4500 | ||
|---|---|---|---|
| 001 | 111412 | ||
| 003 | ES-MaACL | ||
| 005 | 20230906185309.0 | ||
| 007 | t| | ||
| 008 | 061121s1969 sp r ||||1| spa d | ||
| 100 | 1 |
_aOlive Badosa, Andrés. _986785 |
|
| 245 | 1 | 3 |
_aLa deshidratación del lactante / _cAndrés Olive Badosa. |
| 250 | _a1ª. ed. | ||
| 260 |
_aBarcelona : _bJIMS, _c1969. |
||
| 300 |
_aXV, 311 p. ; _c22 cm. |
||
| 852 |
_aES-MaACL _jC-38293 _bR.73224 |
||
| 999 |
_c111412 _d111412 |
||